<?xml version="1.0" encoding="UTF-8"?>
<collection xmlns="http://www.loc.gov/MARC21/slim">
 <record>
  <leader>00602pamaa2200157   4500</leader>
  <controlfield tag="001">0000034657</controlfield>
  <controlfield tag="005">20070223090000.0</controlfield>
  <datafield tag="020" ind1="0" ind2="0">
   <subfield code="a">[nil] </subfield>
  </datafield>
  <datafield tag="090" ind1="0" ind2="0">
   <subfield code="a">HF5625.65.M3 </subfield>
   <subfield code="b">CIM 2002</subfield>
  </datafield>
  <datafield tag="245" ind1="0" ind2="0">
   <subfield code="a">CIMA management accounting conference 2002  </subfield>
   <subfield code="c">CIMA.</subfield>
  </datafield>
  <datafield tag="260" ind1="0" ind2="0">
   <subfield code="b">Kuala Lumpur, </subfield>
   <subfield code="c">2002.</subfield>
  </datafield>
  <datafield tag="300" ind1=" " ind2=" ">
   <subfield code="a">various pages (2cm thick).</subfield>
  </datafield>
  <datafield tag="500" ind1="0" ind2="0">
   <subfield code="a">Conference held on 13 -14 August 2002 at Hotel Nikko Kuala Lumpur</subfield>
  </datafield>
  <datafield tag="500" ind1="0" ind2="0">
   <subfield code="a">Contents: CIMA Management Accounting Conference 2002 Management Accounting in the 21st Century - Appraising Opportunities and Challeneges</subfield>
  </datafield>
  <datafield tag="650" ind1="0" ind2="0">
   <subfield code="a">Conference paper </subfield>
  </datafield>
  <datafield tag="650" ind1="0" ind2="0">
   <subfield code="a">Accounting -- </subfield>
   <subfield code="z">Malaysia </subfield>
  </datafield>
 </record>
</collection>
